000 00463nam a2200181Ia 4500
008 240729s9999 xx 000 0 und d
022 _a2673-6918
245 0 _aCompounds
260 _aSwitzerland
260 _bMDPI AG
650 _a Chemistry
650 _a Physical and theoretical chemistry
650 _a Physics | Science
650 _aScience
856 _uhttps://doaj.org/toc/21dd1bdc20d4433e9b97509fafaed0e8
942 _2ddc
942 _cDOAJEJ
999 _c68433
_d68433
945 _a1
_bMadushi Gamage
_c1
_dMadushi Gamage